Silver lining in the cloud / (Record no. 156404)

MARC details
000 -LEADER
fixed length control field 00535nam a22001817a 4500
005 - DATE AND TIME OF LATEST TRANSACTION
control field 20180827141902.0
010 ## - LCCN (DPL NO)
LC control number ENG-123776
020 ## - INTERNATIONAL STANDARD BOOK NUMBER
Terms of availability 100.00
International Standard Book Number 9788183795876
035 ## - SYSTEM CONTROL NUMBER
System control number EN-107308
037 ## - SOURCE OF ACQUISITION
Source of stock number/acquisition DBAD/PUB
082 ## - DEWEY DECIMAL CLASSIFICATION NUMBER
Classification number 158.1
100 ## - MAIN ENTRY--PERSONAL NAME
Personal name Girija, S.
245 ## - TITLE STATEMENT
Title Silver lining in the cloud /
Statement of responsibility, etc by S. Girija
260 ## - PUBLICATION, DISTRIBUTION, ETC. (IMPRINT)
Place of publication, distribution, etc Chennai
Name of publisher, distributor, etc Palaniappa Brothers
Date of publication, distribution, etc 2012
270 ## - ADDRESS
Address " KONAR MAALIGAI " No.25, Peters Road, Royapettah,
City Chennai
Postal code 600014
300 ## - PHYSICAL DESCRIPTION
Extent 112p.
Dimensions 21cm(pbk)
942 ## - ADDED ENTRY ELEMENTS (KOHA)
Source of classification or shelving scheme Dewey Decimal Classification
Item type English Books
Call number suffix GIR
Classification part 158.1
Holdings
Withdrawn status Lost status Not for loan Collection code Home library Current library Date acquired Source of acquisition Cost, normal purchase price Full call number Barcode Copy number Cost, replacement price Koha item type
    Not For Loan Non-fiction D.B.Act.Division Bawana 27/08/2018 DBAD/PUB 100.00 158.1 GIR EN-107308 1 100.00 English Books

© Delhi Public Library
Hit Counter
free hit counter